Представление документа в формате RUSMARC

ПолеНазваниеЗначение
  Тип записи a
  Библиографический уровень a
001 Контрольный номер RU/CBS_UL/BASE/453235e749db481ab1202d4f7bc3e9dd
005 Дата корректировки 20260220130316.8
100 Данные общей обработки __
a Данные общей обработки 20260220 ||| 0rusy0189 ca
101 Язык документа 0_
a Язык текста rus
102 Страна публикации __
a Страна публикации RU
200 Заглавие и сведения об ответственности 1_
a Заглавие Открытия Сергея Обручева
e Сведения, относящиеся к заглавию [русский геолог и путешественник С. В. Обручев]
f Первые сведения об ответственности Ю. Воробьёв
461 Уровень набора _0
1 2000
a Честь Отечества
463 Уровень физической единицы _0
1 2000
a № 1-2
v С. 38-39 : фото
1 2101
d 2026
1 001RU/CBS_UL/BASE/84d1925e5ac146458e290c11b6276ba6
600 Персоналии _1
a Персоналии (Фамилия) Обручев
b Персоналии (Имя, инициалы) С. В.
606 Тематические рубрики 0_
a Основная рубрика Обручев, Сергей Владимирович (1891-1965)
610 Ключевые слова 0_
a Ключевые слова геологи
610 Ключевые слова 0_
a Ключевые слова русские геологи
610 Ключевые слова 0_
a Ключевые слова геологи русские
610 Ключевые слова 0_
a Ключевые слова путешественники
610 Ключевые слова 0_
a Ключевые слова русские путешественники
610 Ключевые слова 0_
a Ключевые слова путешественники русские
610 Ключевые слова 0_
a Ключевые слова географические открытия
610 Ключевые слова 0_
a Ключевые слова экспедиции
610 Ключевые слова 0_
a Ключевые слова экспедиции русских путешественников
610 Ключевые слова 0_
a Ключевые слова исследователи Сибири
686 Индексы других классификаций __
2 Код системы rubbk
a Классификационный индекс 26.8г
700 Автор _1
a Фамилия Воробьёв
b Имя (инициалы) Ю.
801 Источник записи _0
a Страна RU
b Организация МБУК ЦБС г. Ульяновска
c Дата составления 20260220
g Правила каталогизации RCR
801 Источник записи _1
a Страна RU
b Организация МБУК ЦБС г. Ульяновска
c Дата составления 20260220
g Правила каталогизации RCR
901 Тип документа __
t Тип документа b
w Контрольный № источника RU/CBS_UL/BASE/84d1925e5ac146458e290c11b6276ba6
909 Создатель записи __
a Создатель записи lib2